Несвоевременные мысли: Заметки о революции и культуре: Рассказы

Dades bibliogràfiques
Autor principal: Горький М. Максим
Sumari:Исключено из фонда НТБ ТПУ
Idioma:rus
Publicat: Москва, Современник, 1991
Format: MixedMaterials Llibre
KOHA link:https://koha.lib.tpu.ru/cgi-bin/koha/opac-detail.pl?biblionumber=17223

MARC

LEADER 00000nam0a2200000 4500
001 17223
005 20231030190824.0
010 |a 5270014734 
035 |a (RuTPU)RU\TPU\book\17355 
035 |a BOOK00002043 
090 |a 17223 
100 |a 20011209d1991 m y0rusy50 ca 
101 0 |a rus 
102 |a RU 
105 |a y z 000ay 
200 1 |a Несвоевременные мысли: Заметки о революции и культуре  |e Рассказы  |f М. Горький 
210 |a Москва  |c Современник  |d 1991 
215 |a 128 с. 
333 |a Исключено из фонда НТБ ТПУ 
700 1 |a Горький  |b М.  |g Максим 
801 0 |a RU  |b 63413507  |c 20011209  |g PSBO 
801 2 |a RU  |b 63413507  |c 20220513  |g PSBO 
942 |c BK